Normal view
MARC view
- नलावडे संजीव आणि इतर
Entry Personal Name
001 - CONTROL NUMBER
- control field: 55325
003 - CONTROL NUMBER IDENTIFIER
- control field: OSt
005 - DATE AND TIME OF LATEST TRANSACTION
- control field: 20220806105040.0
008 - FIXED-LENGTH DATA ELEMENTS
- fixed length control field: 220806|| aca||aabn | a|a d
040 ## - CATALOGING SOURCE
- Original cataloging agency: OSt
- Transcribing agency: OSt
100 ## - HEADING--PERSONAL NAME
- Personal name: नलावडे संजीव आणि इतर
670 ## - SOURCE DATA FOUND
- Source citation: Work cat.: (OSt)31965: नलावडे संजीव आणि इतर, शाश्वत विकासाकडे, 2007